000 01176cad a22002175a 4500
001 E155014
008 120220s2012 xxk f s000 0 eng d
020 _a9781780456164
035 _a(Sirsi) u155014
041 0 _aeng
110 2 _aScotland
_bScottish Government
_95344
245 0 4 _aThe Flood Risk Management (Scotland) Act 2009
_bflood protection schemes, guidance for local authorities, chapter 5, project appraisal: assessment of economic, environmental and social impacts
_h[electronic resource]
260 _aEdinburgh
_bScottish Government
_c2012
520 _aSets out guidance for local authorities in Scotland on the economic, social and environmental aspects of project appraisal for flood protection schemes promoted under the Flood Risk Management (Scotland) Act 2009. Highlights ways of identifying the economic impact of such schems and suggests a process for decision-making.
590 _aKA
650 2 4 _aFLOOD RISK MANAGEMENT (SCOTLAND) ACT 2009
651 4 _aScotland
_y1999-
690 _aEnvironment
_96238
856 4 0 _uhttps://www.scotland.gov.uk/Publications/2012/02/9806
_zView the guidance free of charge at www.scotland.gov.uk
942 _n0
999 _c113285
_d113285